Normal view
MARC view
- Farid Ullah Khan
Entry Personal Name
001 - CONTROL NUMBER
- control field: 15584
003 - CONTROL NUMBER IDENTIFIER
- control field: NUST
005 - DATE AND TIME OF LATEST TRANSACTION
- control field: 20190626054144.0
008 - FIXED-LENGTH DATA ELEMENTS
- fixed length control field: 190626|| aca||aabn | a|a d
040 ## - CATALOGING SOURCE
- Original cataloging agency: NUST
- Transcribing agency: NUST
100 ## - HEADING--PERSONAL NAME
- Personal name: Farid Ullah Khan
670 ## - SOURCE DATA FOUND
- Source citation: Work cat.: (NUST): Farid Ullah Khan, Impact of Fiber Type on Data Modulated Distributed Raman Amplification/, 2018.
